<?xml version="1.0" encoding="UTF-8"?>
<record
    xmlns:xsi="http://www.w3.org/2001/XMLSchema-instance"
    xsi:schemaLocation="http://www.loc.gov/MARC21/slim http://www.loc.gov/standards/marcxml/schema/MARC21slim.xsd"
    xmlns="http://www.loc.gov/MARC21/slim">

  <leader>00616nam a2200229Ia 4500</leader>
  <controlfield tag="005">20230323111133.0</controlfield>
  <controlfield tag="008">230125s9999    xx            000 0 und d</controlfield>
  <datafield tag="020" ind1=" " ind2=" ">
    <subfield code="a">978-81-7660-233-4</subfield>
  </datafield>
  <datafield tag="041" ind1=" " ind2=" ">
    <subfield code="a">eng</subfield>
  </datafield>
  <datafield tag="082" ind1=" " ind2=" ">
    <subfield code="a">658.3125</subfield>
    <subfield code="b">GYA</subfield>
  </datafield>
  <datafield tag="100" ind1=" " ind2=" ">
    <subfield code="a">Gyanchandani R</subfield>
    <subfield code="9">115380</subfield>
  </datafield>
  <datafield tag="245" ind1=" " ind2=" ">
    <subfield code="a">Learn Performance Management in a Week</subfield>
  </datafield>
  <datafield tag="250" ind1=" " ind2=" ">
    <subfield code="a">1st Ed.</subfield>
  </datafield>
  <datafield tag="260" ind1=" " ind2=" ">
    <subfield code="c">2015</subfield>
    <subfield code="b">Everest Publishing house</subfield>
    <subfield code="a">Pune</subfield>
  </datafield>
  <datafield tag="300" ind1=" " ind2=" ">
    <subfield code="a">148p</subfield>
  </datafield>
  <datafield tag="500" ind1=" " ind2=" ">
    <subfield code="a">Performance
 
</subfield>
  </datafield>
  <datafield tag="650" ind1=" " ind2=" ">
    <subfield code="a">Performance  </subfield>
    <subfield code="9">119128</subfield>
  </datafield>
  <datafield tag="700" ind1=" " ind2=" ">
    <subfield code="a">Gyanchandani R &amp; Badrinarayan S R</subfield>
    <subfield code="9">115381</subfield>
  </datafield>
  <datafield tag="906" ind1=" " ind2=" ">
    <subfield code="b">43.6</subfield>
  </datafield>
  <datafield tag="942" ind1=" " ind2=" ">
    <subfield code="c">BK</subfield>
  </datafield>
  <datafield tag="999" ind1=" " ind2=" ">
    <subfield code="c">93189</subfield>
    <subfield code="d">93189</subfield>
  </datafield>
  <datafield tag="952" ind1=" " ind2=" ">
    <subfield code="0">0</subfield>
    <subfield code="1">0</subfield>
    <subfield code="4">0</subfield>
    <subfield code="7">0</subfield>
    <subfield code="a">HIMR</subfield>
    <subfield code="b">HIMR</subfield>
    <subfield code="d">2014-10-28</subfield>
    <subfield code="e">Everest publisher</subfield>
    <subfield code="g">145.00</subfield>
    <subfield code="i">12571</subfield>
    <subfield code="l">0</subfield>
    <subfield code="o">658.3125 GYA B12943</subfield>
    <subfield code="p">HIMR-BK-12943</subfield>
    <subfield code="r">2023-01-25 00:00:00</subfield>
    <subfield code="v">101.40</subfield>
    <subfield code="w">2014-10-01</subfield>
    <subfield code="y">BK</subfield>
    <subfield code="z">B12943</subfield>
  </datafield>
  <datafield tag="952" ind1=" " ind2=" ">
    <subfield code="0">0</subfield>
    <subfield code="1">0</subfield>
    <subfield code="4">0</subfield>
    <subfield code="7">0</subfield>
    <subfield code="a">HIMR</subfield>
    <subfield code="b">HIMR</subfield>
    <subfield code="d">2014-10-28</subfield>
    <subfield code="e">Everest publisher</subfield>
    <subfield code="g">145.00</subfield>
    <subfield code="i">12571</subfield>
    <subfield code="l">0</subfield>
    <subfield code="o">658.3125 GYA B12944</subfield>
    <subfield code="p">HIMR-BK-12944</subfield>
    <subfield code="r">2023-01-25 00:00:00</subfield>
    <subfield code="v">101.40</subfield>
    <subfield code="w">2014-10-01</subfield>
    <subfield code="y">BK</subfield>
    <subfield code="z">B12944</subfield>
  </datafield>
  <datafield tag="952" ind1=" " ind2=" ">
    <subfield code="0">0</subfield>
    <subfield code="1">0</subfield>
    <subfield code="4">0</subfield>
    <subfield code="7">0</subfield>
    <subfield code="a">HIMR</subfield>
    <subfield code="b">HIMR</subfield>
    <subfield code="d">2014-10-28</subfield>
    <subfield code="e">Everest publisher</subfield>
    <subfield code="g">145.00</subfield>
    <subfield code="i">12571</subfield>
    <subfield code="l">0</subfield>
    <subfield code="o">658.3125 GYA B12945</subfield>
    <subfield code="p">HIMR-BK-12945</subfield>
    <subfield code="r">2023-01-25 00:00:00</subfield>
    <subfield code="v">101.40</subfield>
    <subfield code="w">2014-10-01</subfield>
    <subfield code="y">BK</subfield>
    <subfield code="z">B12945</subfield>
  </datafield>
  <datafield tag="952" ind1=" " ind2=" ">
    <subfield code="0">0</subfield>
    <subfield code="1">0</subfield>
    <subfield code="4">0</subfield>
    <subfield code="7">0</subfield>
    <subfield code="a">HIMR</subfield>
    <subfield code="b">HIMR</subfield>
    <subfield code="d">2014-10-28</subfield>
    <subfield code="e">Everest publisher</subfield>
    <subfield code="g">145.00</subfield>
    <subfield code="i">12571</subfield>
    <subfield code="l">0</subfield>
    <subfield code="o">658.3125 GYA B12946</subfield>
    <subfield code="p">HIMR-BK-12946</subfield>
    <subfield code="r">2023-01-25 00:00:00</subfield>
    <subfield code="v">101.40</subfield>
    <subfield code="w">2014-10-01</subfield>
    <subfield code="y">BK</subfield>
    <subfield code="z">B12946</subfield>
  </datafield>
  <datafield tag="952" ind1=" " ind2=" ">
    <subfield code="0">0</subfield>
    <subfield code="1">0</subfield>
    <subfield code="4">0</subfield>
    <subfield code="7">0</subfield>
    <subfield code="a">HIMR</subfield>
    <subfield code="b">HIMR</subfield>
    <subfield code="d">2014-10-28</subfield>
    <subfield code="e">Everest publisher</subfield>
    <subfield code="g">145.00</subfield>
    <subfield code="i">12571</subfield>
    <subfield code="l">0</subfield>
    <subfield code="o">658.3125 GYA B12947</subfield>
    <subfield code="p">HIMR-BK-12947</subfield>
    <subfield code="r">2023-01-25 00:00:00</subfield>
    <subfield code="v">101.40</subfield>
    <subfield code="w">2014-10-01</subfield>
    <subfield code="y">BK</subfield>
    <subfield code="z">B12947</subfield>
  </datafield>
</record>
